Yo

Guardat en:
Dades bibliogràfiques
Autor principal: Penna, Leonardo (Autor)
Format: Llibre
Idioma:espanyol
Publicat: Santiago Sin pié de imprenta 1900
Edició:1a. ed
Matèries:
Etiquetes: Afegir etiqueta
Sense etiquetes, Sigues el primer a etiquetar aquest registre!

MARC

LEADER 00000nam a2200000 a 4500
001 UCJ3436
003 CL-VaPUC
008 070124e19000000CL |||||||||||||||||spa|d
082 0 4 |a Ch863  |b PEN  |2 21 
100 0 |a Penna, Leonardo  |e author  |9 505286 
245 1 0 |a Yo 
250 |a 1a. ed 
300 |a 324 p 
942 |c BK 
945 |d 20070124 00:00:00  |a rinostro 
260 |a Santiago  |b Sin pié de imprenta  |c 1900 
650 0 |a Novela   |9 313705 
650 0 |a Literatura chilena   |9 308278 
583 |a last modification  |c 20070124 00:00:00  |k Rodrigo Vera 
999 |c 319558  |d 319556 
952 |0 0  |1 0  |4 0  |6 CH_863_000000000000000_PEN_1900  |7 0  |8 X  |9 397904  |a FDOBUD  |b FDOBUD  |d 2019-11-22  |i 1003453  |o Ch863 PEN 1900  |p 1003453  |r 2019-11-22  |w 2019-11-22  |y BK_X  |k BUD